00000000cam 2200000zi 4500
0019.959494
003CaOODSP
00520260603131430
006m     o  d f      
007cr mn|||||||||
008260202t20262026onc     os   f000 0 eng d
020 |a9780660982106
040 |aCaOODSP|beng|erda|cCaOODSP
041 |aeng|bfre
043 |an-cn---
0861 |aCi4-183/1-2026E-PDF
24500|a2025-26 IRCC annual tracking study : |bfinal report / |cprepared for Immigration, Refugees and Citizenship Canada.
264 1|a[Ottawa] : |bImmigration, Refugees and Citizenship Canada = Immigration, réfugiés et citoyenneté Canada, |c2026.
264 4|c©2026
300 |a1 online resource (19 pages) + |eappendix 2 (14 unnumbered pages)
336 |atext|btxt|2rdacontent
337 |acomputer|bc|2rdamedia
338 |aonline resource|bcr|2rdacarrier
500 |aIssued also in French under title: 2025-26 étude de suivi annuelle d'IRCC : rapport final.
500 |aTitle from cover.
500 |a"Supplier: Phoenix SPI."
500 |a"Contract number: CW2422650."
500 |a"Registration number: POR 036-25."
546 |aText chiefly in English; includes some text in French.
61010|aCanada. |bImmigration, Refugees and Citizenship Canada|xPublic opinion.
650 0|aImmigrants|xServices for|zCanada|xPublic opinion|vStatistics.
650 0|aRefugees|xServices for|zCanada|xPublic opinion|vStatistics.
650 0|aPublic opinion|zCanada.
655 7|aStatistics|2lcgft
7101 |aCanada. |bImmigration, Refugees and Citizenship Canada, |eissuing body.
7102 |aPhoenix Strategic Perspectives Inc., |econsultant.
77508|tSondage de suivi annuel 2025-2026 d'IRCC : |w(CaOODSP)9.959497
795 |t2024-25 IRCC annual tracking survey : |w(CaOODSP)9.947396
85640|qPDF|s843 KB|uhttps://publications.gc.ca/collections/collection_2026/ircc/Ci4-183-1-2026-eng.pdf|z(Final report)
85640|qPDF|uhttps://publications.gc.ca/collections/collection_2026/ircc/Ci4-183-1-2026-2.pdf|z(Appendix 2)
8564 |qHTML|sN/A|uhttps://epe.lac-bac.gc.ca/100/200/301/pwgsc-tpsgc/por-ef/immigration_refugees/2026/036-25-e/index.html|zComplete dataset